000
00204nam a22000857a 4500
008
170120b xxu||||| |||| 00| 0 eng d
100
_9
2515
_a
CBSE
245
_a
Hindi Story book
260
_a
New Delhi
_b
CBSE
_c
2010
999
_c
5588
_d
5588